LEADER 00847nam0-22002651i-450 001 990002596100403321 005 20230419134947.0 035 $a000259610 035 $aFED01000259610 035 $a(Aleph)000259610FED01 035 $a000259610 100 $a20000920d1983----km-y0itay50------ba 101 0 $aita 102 $aIT 200 1 $aProntuario degli adempimenti societari (civilistici e fiscali)$eguida pratica per amministratori - sindaci - liquidatori.$fdi STASSANO 205 $a2ª Edizione ampliata e aggiornata 210 $aMilano$cPirola$d1983 700 1$aStassano,$bGiuseppe$0105680 801 0$aIT$bUNINA$gRICA$2UNIMARC 901 $aBK 912 $a990002596100403321 952 $aC2-P10-33-RA$bs.i.$fECA 959 $aECA 996 $aProntuario degli adempimenti societari (civilistici e fiscali)$93085558 997 $aUNINA LEADER 03744oam 2200349z- 450 001 9910830210003321 005 20210108010642.0 010 $a1-118-66324-1 010 $a1-118-66326-8 010 $a1-118-66323-3 035 $a(CKB)4330000000006727 035 $a(MiAaPQ)EBC5672603 035 $a(OCoLC)1035317057 035 $a(EXLCZ)994330000000006727 100 $a20200217c2019uuuu -u- - 101 0 $aeng 135 $aur||||||||||| 200 00$aBiological field emission scanning electron microscopy /$fedited by Roland A. Fleck, Bruno M. Humbel 210 $cJohn Wiley & Sons, Inc 311 $a1-118-65406-4 330 $a"The go-to resource for microscopists on biological applications of field emission gun scanning electron microscopy (FEGSEM) The evolution of scanning electron microscopy technologies and capability over the past few years has revolutionized the biological imaging capabilities of the microscope - giving it the capability to examine surface structures of cellular membranes to reveal the organization of individual proteins across a membrane bilayer and the arrangement of cell cytoskeleton at a nm scale. Most notable are their improvements for field emission scanning electron microscopy (FEGSEM), which when combined with cryo-preparation techniques, has provided insight into a wide range of biological questions including the functionality of bacteria and viruses. This full-colour, must-have book for microscopists traces the development of the biological field emission scanning electron microscopy (FEGSEM) and highlights its current value in biological research as well as its future worth. Biological Field Emission Scanning Electron Microscopy highlights the present capability of the technique and informs the wider biological science community of its application in basic biological research. Starting with the theory and history of FEGSEM, the book offers chapters covering: operation (strengths and weakness, sample selection, handling, limitations, and preparation); Commercial developments and principals from the major FEGSEM manufacturers (Thermo Scientific, JEOL, HITACHI, ZEISS, Tescan); technical developments essential to bioFEGSEM; cryobio FEGSEM; cryo-FIB; FEGSEM digital-tomography; array tomography; public health research; mammalian cells and tissues; digital challenges (image collection, storage, and automated data analysis); and more. Examines the creation of the biological field emission gun scanning electron microscopy (FEGSEM) and discusses its benefits to the biological research community and future value Provides insight into the design and development philosophy behind current instrument manufacturers Covers sample handling, applications, and key supporting techniques Focuses on the biological applications of field emission gun scanning electron microscopy (FEGSEM), covering both plant and animal research Presented in full colour An important part of the Wiley-Royal Microscopical Series, Biological Field Emission Scanning Electron Microscopy is an ideal general resource for experienced academic and industrial users of electron microscopy--specifically, those with a need to understand the application, limitations, and strengths of FEGSEM"--Provided by publisher. 606 $aMicroscopy, Electron, Scanning$xmethods 606 $aMicroscopy, Electron, Scanning$xinstrumentation 615 12$aMicroscopy, Electron, Scanning$xmethods 615 12$aMicroscopy, Electron, Scanning$xinstrumentation 676 $a502.8/25 702 $aFleck$b Roland A.$f1970- 702 $aHumbel$b Bruno M. 906 $aBOOK 912 $a9910830210003321 996 $aBiological field emission scanning electron microscopy$94032764 997 $aUNINA LEADER 08985nas 2202185-a 450 001 9910144513303321 005 20240916213021.0 011 $a1564-8567 035 $a(DE-599)ZDB1564-8567 035 $a(CKB)1000000000221973 035 $a(CONSER)---96652812- 035 $a(EXLCZ)991000000000221973 100 $a19861216a19uu9999 -f- - 101 0 $aeng 181 $ctxt$2rdacontent 182 $cc$2rdamedia 183 $acr$2rdacarrier 200 04$aThe state of world population /$fExecutive Director of the United Nations Fund for Population Activities 210 $aNew York, N.Y. $cUnited Nations Fund for Population Activities 210 31$aNew York, N.Y. :$cUnited Nations Population Fund 215 $a1 online resource 300 $aSome issues have distinctive titles; supplements also carry distinctive title. 311 $aPrint version: The state of world population / (DLC) 96652812 (DLC)sn 86036961 (DLC) 2010027807 (OCoLC)14980317 1020-5195 517 1 $aUNFPA state of world population 531 $aSTATE OF WORLD POPULATION 606 $aPopulation$vPeriodicals 606 $aPopulation geography$vPeriodicals 606 $aReproductive health$xInternational cooperation$vPeriodicals 606 $aFertility, Human$vPeriodicals 606 $aFamily planning$vPeriodicals 606 $aFamily size$vPeriodicals 606 $aReproductive rights$vPeriodicals 606 $aWomen$xSocial conditions$vPeriodicals 606 $aWomen in development$vPeriodicals 606 $aYouth$xSocial conditions$vPeriodicals 606 $aYouth in development$vPeriodicals 606 $aPoverty$xInternational cooperation$vPeriodicals 606 $aEconomic development projects$xInternational cooperation$vPeriodicals 606 $aHuman rights$xInternational cooperation$vPeriodicals 606 $aIntergenerational relations$vPeriodicals 606 $aPopulation aging$vPeriodicals 606 $aSustainable development$xInternational cooperation$vPeriodicals 606 $aDemographic transition$xInternational cooperation$vPeriodicals 606 $aVital statistics$vPeriodicals 606 $aSocial indicators$vPeriodicals 606 $aBirth control 606 $aPopulation 606 $aPopulation Control 606 $aPopulation 606 $aPopulation$vPériodiques 606 $aGéographie de la population$vPériodiques 606 $aSanté de la reproduction$xCoopération internationale$vPériodiques 606 $aFécondité humaine$vPériodiques 606 $aPlanification familiale$vPériodiques 606 $aFamilles$xDimension$vPériodiques 606 $aDroits génésiques$vPériodiques 606 $aFemmes$xConditions sociales$vPériodiques 606 $aFemmes dans le développement$vPériodiques 606 $aJeunesse$xConditions sociales$vPériodiques 606 $aJeunesse dans le développement$vPériodiques 606 $aPauvreté$xCoopération internationale$vPériodiques 606 $aProjets de développement économique$xCoopération internationale$vPériodiques 606 $aDroits de l'homme (Droit international)$xCoopération internationale$vPériodiques 606 $aRelations entre générations$vPériodiques 606 $aVieillissement de la population$vPériodiques 606 $aDéveloppement durable$xCoopération internationale$vPériodiques 606 $aTransition démographique$xCoopération internationale$vPériodiques 606 $aIndicateurs sociaux$vPériodiques 606 $aRégulation des naissances 606 $aPopulation 606 $apopulation$2aat 606 $aBirth control$2fast$3(OCoLC)fst00833148 606 $aEconomic development projects$xInternational cooperation$2fast$3(OCoLC)fst00901919 606 $aFamily planning$2fast$3(OCoLC)fst01750250 606 $aFamily size$2fast$3(OCoLC)fst00920496 606 $aFertility, Human$2fast$3(OCoLC)fst00923157 606 $aHuman rights$xInternational cooperation$2fast$3(OCoLC)fst00963301 606 $aIntergenerational relations$2fast$3(OCoLC)fst00976251 606 $aInternational cooperation$2fast$3(OCoLC)fst00976857 606 $aPopulation$2fast$3(OCoLC)fst01071476 606 $aPopulation aging$2fast$3(OCoLC)fst01739590 606 $aPopulation geography$2fast$3(OCoLC)fst01071591 606 $aPopulation policy$2fast$3(OCoLC)fst01071601 606 $aPoverty$xInternational cooperation$2fast$3(OCoLC)fst01074109 606 $aReproductive rights$2fast$3(OCoLC)fst01745961 606 $aSocial indicators$2fast$3(OCoLC)fst01122522 606 $aSustainable development$xInternational cooperation$2fast$3(OCoLC)fst01139747 606 $aVital statistics$2fast$3(OCoLC)fst01168137 606 $aWomen in development$2fast$3(OCoLC)fst01177865 606 $aWomen$xSocial conditions$2fast$3(OCoLC)fst01176947 606 $aYouth in development$2fast$3(OCoLC)fst01183610 606 $aYouth$xSocial conditions$2fast$3(OCoLC)fst01183536 606 $aPOPULATION$2unbist 606 $aPOPULATION TRENDS$2unbist 606 $aDEMOGRAPHIC STATISTICS$2unbist 606 $aSTATISTICAL DATA$2unbist 607 $aDeveloping countries$xPopulation policy$vPeriodicals 607 $aPays en voie de développement$xPopulation$vPériodiques 607 $aDeveloping countries$2fast 608 $aPeriodical. 608 $aStatistics. 608 $aComputer network resources. 608 $aStatistics.$2fast 608 $aPeriodicals.$2fast 608 $aStatistics.$2lcgft 608 $aStatistiques.$2rvmgf 615 0$aPopulation 615 0$aPopulation geography 615 0$aReproductive health$xInternational cooperation 615 0$aFertility, Human 615 0$aFamily planning 615 0$aFamily size 615 0$aReproductive rights 615 0$aWomen$xSocial conditions 615 0$aWomen in development 615 0$aYouth$xSocial conditions 615 0$aYouth in development 615 0$aPoverty$xInternational cooperation 615 0$aEconomic development projects$xInternational cooperation 615 0$aHuman rights$xInternational cooperation 615 0$aIntergenerational relations 615 0$aPopulation aging 615 0$aSustainable development$xInternational cooperation 615 0$aDemographic transition$xInternational cooperation 615 0$aVital statistics 615 0$aSocial indicators 615 0$aBirth control. 615 0$aPopulation. 615 2$aPopulation Control. 615 2$aPopulation. 615 6$aPopulation 615 6$aGéographie de la population 615 6$aSanté de la reproduction$xCoopération internationale 615 6$aFécondité humaine 615 6$aPlanification familiale 615 6$aFamilles$xDimension 615 6$aDroits génésiques 615 6$aFemmes$xConditions sociales 615 6$aFemmes dans le développement 615 6$aJeunesse$xConditions sociales 615 6$aJeunesse dans le développement 615 6$aPauvreté$xCoopération internationale 615 6$aProjets de développement économique$xCoopération internationale 615 6$aDroits de l'homme (Droit international)$xCoopération internationale 615 6$aRelations entre générations 615 6$aVieillissement de la population 615 6$aDéveloppement durable$xCoopération internationale 615 6$aTransition démographique$xCoopération internationale 615 6$aIndicateurs sociaux 615 6$aRégulation des naissances. 615 6$aPopulation. 615 7$apopulation. 615 7$aBirth control. 615 7$aEconomic development projects$xInternational cooperation. 615 7$aFamily planning. 615 7$aFamily size. 615 7$aFertility, Human. 615 7$aHuman rights$xInternational cooperation. 615 7$aIntergenerational relations. 615 7$aInternational cooperation. 615 7$aPopulation. 615 7$aPopulation aging. 615 7$aPopulation geography. 615 7$aPopulation policy. 615 7$aPoverty$xInternational cooperation. 615 7$aReproductive rights. 615 7$aSocial indicators. 615 7$aSustainable development$xInternational cooperation. 615 7$aVital statistics. 615 7$aWomen in development. 615 7$aWomen$xSocial conditions. 615 7$aYouth in development. 615 7$aYouth$xSocial conditions. 615 17$aPOPULATION. 615 17$aPOPULATION TRENDS. 615 17$aDEMOGRAPHIC STATISTICS. 615 17$aSTATISTICAL DATA. 676 $a304.6/05 712 02$aUnited Nations Fund for Population Activities, 712 02$aUnited Nations Population Fund, 906 $aJOURNAL 912 $a9910144513303321 920 $aexl_impl conversion 996 $aThe state of world population$92425750 997 $aUNINA